[Event "Julius Baer GenCup D3 W"]
[Site "Chess.com INT"]
[Date "2024.09.27"]
[Round "2.4"]
[White "Moussard, Jules"]
[Black "Svane, Rasmus"]
[Result "1-0"]
[WhiteElo "2600"]
[BlackElo "2629"]
[PlyCount "73"]
[EventDate "2024.09.27"]
[EventType "k.o. (rapid)"]
[EventRounds "5"]
[EventCountry "GER"]
[SourceTitle "CB40_2024"]
[SourceDate "2024.10.02"]
[SourceVersion "1"]
[SourceVersionDate "2024.10.02"]
[SourceQuality "1"]

1. e4 c6 2. Nf3 d5 3. Nc3 Bg4 4. h3 Bxf3 5. Qxf3 e6 6. Be2 d4 7. Nb1 Ne7 8. d3 Ng6 9. g3 a5 10. 0-0 h5 11. h4 Nd7 12. Qg2 e5 13. a4 Be7 14. Bd1 Nc5 15. Nd2 Qd7 16. Nc4 Bd8 17. Bd2 Bc7 18. Kh2 f5 19. exf5 Qxf5 20. b4 axb4 21. Bxb4 Nd7 22. Bf3 Qe6 23. Be4 Ne7 24. Bxe7 Kxe7 25. Rab1 Nc5 26. a5 Bxa5 27. f4 exf4 28. Rxf4 Bc7 29. Bf5 Qf6 30. Rf3 Qxh4+ 31. Kg1 Qg5 32. Qf2 Rh6 33. Re1+ Kf8 34. Bg6+ Kg8 35. Rf8+ Rxf8 36. Qxf8+ Kxf8 37. Re8# 1-0

[Event "Julius Baer GenCup D3 W"]
[Site "Chess.com INT"]
[Date "2024.09.27"]
[Round "2.1"]
[White "Svane, Rasmus"]
[Black "Moussard, Jules"]
[Result "1-0"]
[WhiteElo "2629"]
[BlackElo "2600"]
[PlyCount "67"]
[EventDate "2024.09.27"]
[EventType "k.o. (rapid)"]
[EventRounds "5"]
[EventCountry "GER"]
[SourceTitle "CB40_2024"]
[SourceDate "2024.10.02"]
[SourceVersion "1"]
[SourceVersionDate "2024.10.02"]
[SourceQuality "1"]

1. c4 e6 2. Nc3 d5 3. d4 Nf6 4. cxd5 exd5 5. Bg5 c6 6. e3 h6 7. Bh4 Be7 8. Bd3 0-0 9. Nge2 Ne8 10. Bg3 Nd6 11. 0-0 Re8 12. Qc2 Bf8 13. Rae1 a5 14. Kh1 Na6 15. a3 Nc7 16. Ng1 b5 17. Nf3 Nc4 18. Ne5 Nxe5 19. Bxe5 Bd6 20. Bxd6 Qxd6 21. Rc1 Ne6 22. Ne2 Bd7 23. Bf5 h5 24. Bxe6 Qxe6 25. Nf4 Qh6 26. Nd3 h4 27. Ne5 h3 28. Nxd7 hxg2+ 29. Kxg2 Re4 30. Ne5 Re8 31. Qxc6 Qg5+ 32. Kh1 Re6 33. Qa8+ Kh7 34. Qh8+ 1-0

[Event "Julius Baer GenCup Pl/In"]
[Site "Chess.com INT"]
[Date "2024.09.25"]
[Round "9"]
[White "Madaminov, Mukhiddin"]
[Black "Moussard, Jules"]
[Result "1-0"]
[WhiteElo "2512"]
[BlackElo "2600"]
[PlyCount "143"]
[EventDate "2024.09.25"]
[EventType "swiss (rapid)"]
[EventRounds "9"]
[EventCountry "GER"]
[SourceTitle "CB40_2024"]
[SourceDate "2024.10.02"]
[SourceVersion "1"]
[SourceVersionDate "2024.10.02"]
[SourceQuality "1"]

1. e4 c5 2. Nf3 e6 3. c3 Nf6 4. e5 Nd5 5. a3 b6 6. d4 cxd4 7. Nxd4 Bb7 8. Bd3 Nc6 9. Nxc6 Bxc6 10. 0-0 d6 11. c4 Ne7 12. exd6 Qxd6 13. Qe2 Ng6 14. Nc3 Be7 15. Rd1 Qc7 16. Be4 0-0 17. Nb5 Qb7 18. Bxc6 Qxc6 19. Nd4 Qb7 20. Be3 Rac8 21. Nf3 Bc5 22. Rac1 Qe4 23. Qd3 Qxd3 24. Rxd3 Bxe3 25. fxe3 Rc7 26. b3 Rfc8 27. Kf2 Kf8 28. g4 b5 29. Rdc3 bxc4 30. Rxc4 Rxc4 31. Rxc4 Rxc4 32. bxc4 Ke7 33. Ke2 Kd6 34. Kd2 f6 35. Kc3 Ne7 36. Nd4 a6 37. h3 g6 38. Nc2 f5 39. g5 e5 40. h4 a5 41. Ne1 Nc6 42. Nd3 Nd8 43. e4 Ne6 44. c5+ Kc6 45. Kc4 fxe4 46. Nxe5+ Kc7 47. Kd5 Ng7 48. Kxe4 Nf5 49. Nf3 h6 50. h5 hxg5 51. hxg6 Ne7 52. g7 Kc6 53. Nxg5 Kxc5 54. Ke5 Kc4 55. Ne4 Kb3 56. Ke6 Ng8 57. Kf7 Nh6+ 58. Kg6 Ng8 59. Kh7 Ne7 60. Nd6 Kxa3 61. Nc8 Nxc8 62. g8Q Nb6 63. Qe6 Na4 64. Qc4 Nb2 65. Qc3+ Ka4 66. Kg6 Nd1 67. Qc2+ Ka3 68. Qxd1 a4 69. Qa1+ Kb3 70. Kf5 a3 71. Ke4 a2 72. Kd3 1-0

[Event "Julius Baer GenCup Pl/In"]
[Site "Chess.com INT"]
[Date "2024.09.25"]
[Round "7"]
[White "Moussard, Jules"]
[Black "Anton Guijarro, David"]
[Result "0-1"]
[WhiteElo "2600"]
[BlackElo "2665"]
[PlyCount "108"]
[EventDate "2024.09.25"]
[EventType "swiss (rapid)"]
[EventRounds "9"]
[EventCountry "GER"]
[SourceTitle "CB40_2024"]
[SourceDate "2024.10.02"]
[SourceVersion "1"]
[SourceVersionDate "2024.10.02"]
[SourceQuality "1"]

1. e4 c6 2. Nf3 d5 3. d3 e6 4. g3 dxe4 5. dxe4 Qxd1+ 6. Kxd1 Bc5 7. Ke1 Nf6 8. Nc3 Ng4 9. Nd1 Nd7 10. c3 f5 11. exf5 exf5 12. h3 Nge5 13. Nxe5 Nxe5 14. Be3 Bxe3 15. Nxe3 f4 16. gxf4 Ng6 17. f5 Nh4 18. Bd3 0-0 19. Rd1 Nxf5 20. Bxf5 Bxf5 21. h4 Rae8 22. Rd4 Re4 23. Rxe4 Bxe4 24. Rg1 Rf4 25. Rg4 Rxg4 26. Nxg4 Kf7 27. f4 Bb1 28. a3 Kg6 29. Kf2 Kf5 30. Kf3 Be4+ 31. Kg3 Bd5 32. c4 Bf7 33. Ne5 Bh5 34. Nd7 Be8 35. Ne5 Ke4 36. b4 b6 37. Kg4 h6 38. c5 bxc5 39. bxc5 g6 40. Nc4 Bd7+ 41. Kg3 Kd5 42. Ne5 Bf5 43. h5 gxh5 44. Nf7 Kxc5 45. Nxh6 Bd7 46. Nf7 Be8 47. Ne5 Kd4 48. Kf2 Ke4 49. a4 Kxf4 50. Nc4 c5 51. a5 h4 52. Nd6 Bc6 53. Nc4 h3 54. Ne3 h2 0-1

[Event "FRA-ch 97th"]
[Site "L'Alpe d'Huez"]
[Date "2024.08.25"]
[Round "4.3"]
[White "Fressinet, Laurent"]
[Black "Moussard, Jules"]
[Result "1-0"]
[WhiteElo "2625"]
[BlackElo "2596"]
[PlyCount "109"]
[EventDate "2024.08.16"]
[EventType "k.o."]
[EventRounds "4"]
[EventCountry "FRA"]
[SourceTitle "CB35_2024"]
[SourceDate "2024.08.28"]
[SourceVersion "1"]
[SourceVersionDate "2024.08.28"]
[SourceQuality "1"]

1. d4 Nf6 2. Nf3 e6 3. c4 d5 4. Nc3 c6 5. Bg5 h6 6. Bh4 Be7 7. e3 0-0 8. Bd3 dxc4 9. Bxc4 c5 10. 0-0 Nc6 11. dxc5 Bxc5 12. Rc1 Be7 13. Qe2 Qa5 14. Rfd1 Nd7 15. Bxe7 Nxe7 16. Ne4 Ne5 17. Bb3 Nxf3+ 18. Qxf3 Qe5 19. Rd2 a5 20. Rc5 Qb8 21. Qg3 Qxg3 22. hxg3 Nc6 23. Ba4 Nb4 24. Nc3 b6 25. Rb5 Rb8 26. Rd6 Ba6 27. Rbxb6 Rxb6 28. Rxb6 Bc4 29. a3 Nd5 30. Nxd5 Bxd5 31. f3 f5 32. e4 fxe4 33. fxe4 Bc4 34. b3 Rf1+ 35. Kh2 Bd3 36. Rxe6 Ra1 37. e5 Kf7 38. Rd6 Bf5 39. Bc6 Be6 40. b4 Rxa3 41. b5 Rb3 42. b6 Ke7 43. b7 a4 44. Bf3 a3 45. Ra6 a2 46. Ra7 Kd8 47. Rxa2 Kc7 48. Ra6 Kd7 49. Rd6+ Ke7 50. Rc6 Rxb7 51. Rxe6+ Kxe6 52. Bxb7 Kxe5 53. Kg1 h5 54. Kf2 g5 55. Bf3 1-0

[Event "FRA-ch 97th"]
[Site "L'Alpe d'Huez"]
[Date "2024.08.25"]
[Round "4.5"]
[White "Fressinet, Laurent"]
[Black "Moussard, Jules"]
[Result "0-1"]
[WhiteElo "2625"]
[BlackElo "2596"]
[PlyCount "62"]
[EventDate "2024.08.16"]
[EventType "k.o."]
[EventRounds "4"]
[EventCountry "FRA"]
[SourceTitle "CB35_2024"]
[SourceDate "2024.08.28"]
[SourceVersion "1"]
[SourceVersionDate "2024.08.28"]
[SourceQuality "1"]

1. d4 Nf6 2. Nf3 e6 3. c4 b6 4. g3 Ba6 5. Nbd2 Bb7 6. Bg2 d5 7. Ne5 Be7 8. 0-0 0-0 9. b3 Nbd7 10. Bb2 c5 11. cxd5 Nxd5 12. Ndc4 Nxe5 13. dxe5 Qc7 14. a3 Rfd8 15. Qc2 b5 16. Nd2 Nb6 17. Ne4 c4 18. Rfd1 Bd5 19. b4 Qc6 20. Nf6+ Bxf6 21. Bxd5 Nxd5 22. exf6 Nxf6 23. Bxf6 gxf6 24. Qc3 Kg7 25. Qe3 Rd5 26. Rd4 h5 27. Rxd5 Qxd5 28. Rc1 a5 29. Qf4 axb4 30. axb4 Ra2 31. Qe3 Qd2 0-1

[Event "FRA-ch 97th"]
[Site "L'Alpe d'Huez"]
[Date "2024.08.21"]
[Round "3.1"]
[White "Moussard, Jules"]
[Black "Edouard, Romain"]
[Result "1/2-1/2"]
[WhiteElo "2596"]
[BlackElo "2536"]
[PlyCount "65"]
[EventDate "2024.08.16"]
[EventType "k.o."]
[EventRounds "4"]
[EventCountry "FRA"]
[SourceTitle "CB35_2024"]
[SourceDate "2024.08.28"]
[SourceVersion "1"]
[SourceVersionDate "2024.08.28"]
[SourceQuality "1"]

1. c4 c5 2. Nf3 Nc6 3. Nc3 Nf6 4. g3 g6 5. d4 cxd4 6. Nxd4 Bg7 7. Bg2 0-0 8. 0-0 d6 9. Nxc6 bxc6 10. Bxc6 Rb8 11. Bg2 Qa5 12. Nb5 Bb7 13. Bxb7 Rxb7 14. Bd2 Qa6 15. Bc3 Rc8 16. b3 d5 17. Bxf6 Bxf6 18. Qxd5 Bxa1 19. Rxa1 Rbb8 20. e3 Rd8 21. Qe5 Rb7 22. Nc3 f6 23. Qe4 Kf7 24. Nd5 e6 25. Nc3 Rxb3 26. Qh4 Rxc3 27. Qxh7+ Ke8 28. Qxg6+ Ke7 29. Qg7+ Ke8 30. Qg8+ Ke7 31. Qg7+ Ke8 32. Qg8+ Ke7 33. Qg7+ 1/2-1/2

[Event "CrunchLab Masters Div 2 W"]
[Site "Chess.com INT"]
[Date "2024.07.21"]
[Round "3.4"]
[White "Grischuk, Alexander"]
[Black "Moussard, Jules"]
[Result "1-0"]
[WhiteElo "2708"]
[BlackElo "2590"]
[PlyCount "85"]
[EventDate "2024.07.19"]
[EventType "k.o. (rapid)"]
[EventRounds "6"]
[EventCountry "USA"]
[SourceTitle "CB31_2024"]
[SourceDate "2024.07.31"]
[SourceVersion "1"]
[SourceVersionDate "2024.07.31"]
[SourceQuality "1"]

1. d4 Nf6 2. c4 e6 3. Nf3 d5 4. Nc3 Nbd7 5. Bg5 h6 6. Bh4 Be7 7. e3 0-0 8. Rc1 c5 9. dxc5 dxc4 10. Bxc4 Nxc5 11. 0-0 a6 12. Ne5 Nfd7 13. Nxd7 Nxd7 14. Bxe7 Qxe7 15. Be2 b5 16. Bf3 Rb8 17. Ne4 Ne5 18. Qd6 Nxf3+ 19. gxf3 Qa7 20. Rc7 Qa8 21. Qe7 Qd5 22. Rfc1 Bb7 23. Rd7 Rbe8 24. Rxd5 Rxe7 25. Rd6 f5 26. Nc5 Bxf3 27. Nxe6 Ra8 28. Nd4 Bg4 29. f3 Bh5 30. Kf2 Bf7 31. Nxf5 Re5 32. e4 Bxa2 33. Rc7 Bf7 34. Rdd7 Rf8 35. Nd6 Rh5 36. Nxf7 Rxh2+ 37. Kg3 Rh1 38. Nd6 Rg1+ 39. Kf2 Rg5 40. Nf5 Kh8 41. Nxg7 Rg8 42. Nf5 Rg2+ 43. Ke3 1-0

[Event "CrunchLab Masters Div 2 W"]
[Site "Chess.com INT"]
[Date "2024.07.21"]
[Round "3.1"]
[White "Moussard, Jules"]
[Black "Grischuk, Alexander"]
[Result "1/2-1/2"]
[WhiteElo "2590"]
[BlackElo "2708"]
[PlyCount "104"]
[EventDate "2024.07.19"]
[EventType "k.o. (rapid)"]
[EventRounds "6"]
[EventCountry "USA"]
[SourceTitle "CB31_2024"]
[SourceDate "2024.07.31"]
[SourceVersion "1"]
[SourceVersionDate "2024.07.31"]
[SourceQuality "1"]

1. c4 Nf6 2. Nc3 e5 3. Nf3 Nc6 4. g3 Bb4 5. Nd5 Bc5 6. Bg2 d6 7. 0-0 0-0 8. e3 Re8 9. a3 a5 10. Qc2 h6 11. b3 Be6 12. Nxf6+ Qxf6 13. Bb2 Ba7 14. d3 Qg6 15. Rfe1 Qh5 16. Nd2 Bh3 17. Bh1 f5 18. b4 Kh8 19. Bc3 f4 20. Ne4 Rf8 21. b5 fxe3 22. fxe3 Nd8 23. Bg2 Ne6 24. Bxh3 Qxh3 25. Qg2 Qf5 26. Kh1 Qf3 27. Qxf3 Rxf3 28. Bd2 Nc5 29. Nxc5 Bxc5 30. Kg2 Raf8 31. Rf1 Rxf1 32. Rxf1 Rxf1 33. Kxf1 a4 34. Bc1 h5 35. Ke2 c6 36. Bb2 Kg8 37. d4 exd4 38. exd4 Bb6 39. bxc6 bxc6 40. d5 c5 41. Bc3 Kf7 42. Kf3 Bd8 43. Ke4 Bf6 44. Bxf6 Kxf6 45. Kf4 g5+ 46. Ke4 Kg6 47. h3 Kf6 48. g4 h4 49. Kf3 Kg6 50. Ke4 Kf6 51. Kf3 Kg6 52. Ke4 Kf6 1/2-1/2

[Event "CrunchLab Masters Div 2 W"]
[Site "Chess.com INT"]
[Date "2024.07.20"]
[Round "2.2"]
[White "Aronian, Levon"]
[Black "Moussard, Jules"]
[Result "1/2-1/2"]
[WhiteElo "2729"]
[BlackElo "2590"]
[PlyCount "65"]
[EventDate "2024.07.19"]
[EventType "k.o. (rapid)"]
[EventRounds "6"]
[EventCountry "USA"]
[SourceTitle "CB31_2024"]
[SourceDate "2024.07.31"]
[SourceVersion "1"]
[SourceVersionDate "2024.07.31"]
[SourceQuality "1"]

1. e4 c5 2. c3 Nf6 3. e5 Nd5 4. Nf3 Nc6 5. d4 cxd4 6. Bc4 Nb6 7. Bb3 d6 8. exd6 Qxd6 9. 0-0 Be6 10. Bxe6 Qxe6 11. Nxd4 Qd5 12. Nxc6 Qxc6 13. Nd2 e6 14. Nb3 Be7 15. Nd4 Qd5 16. a4 0-0 17. a5 Nc4 18. a6 bxa6 19. Rxa6 Qb7 20. Ra2 Bf6 21. Qf3 Rfb8 22. Rd1 a5 23. Qxb7 Rxb7 24. b3 Nb6 25. Bd2 Nd5 26. c4 Bxd4 27. cxd5 exd5 28. Rxa5 Rxa5 29. Bxa5 Rxb3 30. Be1 Bc3 31. Rxd5 h6 32. Rd1 Bxe1 33. Rxe1 1/2-1/2

[Event "CrunchLab Masters Div 2 W"]
[Site "Chess.com INT"]
[Date "2024.07.20"]
[Round "2.1"]
[White "Moussard, Jules"]
[Black "Aronian, Levon"]
[Result "0-1"]
[WhiteElo "2590"]
[BlackElo "2729"]
[PlyCount "144"]
[EventDate "2024.07.19"]
[EventType "k.o. (rapid)"]
[EventRounds "6"]
[EventCountry "USA"]
[SourceTitle "CB31_2024"]
[SourceDate "2024.07.31"]
[SourceVersion "1"]
[SourceVersionDate "2024.07.31"]
[SourceQuality "1"]

1. e4 e6 2. d4 d5 3. Nc3 Nf6 4. Bg5 dxe4 5. Nxe4 Be7 6. Bxf6 gxf6 7. Nf3 f5 8. Nc3 a6 9. g3 b5 10. Bg2 Bb7 11. Qe2 Qd6 12. 0-0-0 b4 13. Na4 Nd7 14. Rhg1 Bd5 15. Ne1 Rd8 16. Kb1 Bxg2 17. Nxg2 Qc6 18. b3 Nf6 19. Ne3 Ne4 20. f3 Nd6 21. d5 Qb5 22. c4 bxc3 23. Nxc3 Qxe2 24. Nxe2 Bf6 25. Rc1 0-0 26. Rxc7 Nb5 27. Rc6 Na3+ 28. Kc1 Rc8 29. g4 f4 30. g5 Bg7 31. Nxf4 Bd4 32. Re1 Rxc6+ 33. dxc6 Rc8 34. Kd2 Rxc6 35. Kd3 Rd6 36. Nc4 Nxc4 37. Kxc4 Bb6 38. Nd3 Rd4+ 39. Kc3 Rh4 40. Re2 Bd4+ 41. Kc2 Bg1 42. b4 Bxh2 43. a4 Bd6 44. Kb3 Kg7 45. b5 axb5 46. axb5 Rd4 47. Kc3 Rd5 48. Rb2 Rxg5 49. b6 Ra5 50. b7 Bb8 51. Nb4 Rb5 52. Nd3 Rxb2 53. Kxb2 h5 54. Kc2 h4 55. Kd2 h3 56. Ke2 h2 57. Nf2 Kf6 58. Nh1 Ke5 59. Ke3 f5 60. f4+ Kd5 61. Kf3 Kc6 62. Kg3 Kxb7 63. Kxh2 Bxf4+ 64. Kg2 Kc6 65. Kf3 Be5 66. Nf2 Kd5 67. Nd3 Bd6 68. Nf2 e5 69. Ke2 e4 70. Nd1 Bc5 71. Nc3+ Ke5 72. Nd1 Bd4 0-1

[Event "Crunchlab PlayIn Match D1"]
[Site "Chess.com INT"]
[Date "2024.07.18"]
[Round "2.2"]
[White "Moussard, Jules"]
[Black "Nepomniachtchi, Ian"]
[Result "0-1"]
[WhiteElo "2590"]
[BlackElo "2770"]
[PlyCount "70"]
[EventDate "2024.07.18"]
[EventType "k.o. (rapid)"]
[EventRounds "2"]
[EventCountry "USA"]
[SourceTitle "CB30_2024"]
[SourceDate "2024.07.24"]
[SourceVersion "1"]
[SourceVersionDate "2024.07.24"]
[SourceQuality "1"]

1. e4 c5 2. Nf3 d6 3. d4 cxd4 4. Nxd4 Nf6 5. Nc3 a6 6. Bd3 e5 7. Nde2 Nc6 8. 0-0 Be6 9. Ng3 Rc8 10. h3 Nb4 11. Be2 d5 12. a3 Nc6 13. Bg5 dxe4 14. Ngxe4 Qxd1 15. Raxd1 Nxe4 16. Nxe4 Nd4 17. Bd3 h6 18. c3 Bb3 19. Rc1 Nf3+ 20. gxf3 hxg5 21. Nxg5 Be7 22. f4 exf4 23. Rfe1 Kf8 24. Nf3 Rd8 25. Nd4 Bd5 26. Bf5 g6 27. Bg4 Bf6 28. Rcd1 Kg7 29. Rd2 Bxd4 30. Rxd4 f5 31. Bxf5 gxf5 32. Red1 Bf3 33. Rxd8 Rxh3 34. R1d7+ Kf6 35. Rf8+ Ke6 0-1

[Event "Crunchlab PlayIn Match D1"]
[Site "Chess.com INT"]
[Date "2024.07.18"]
[Round "2.3"]
[White "Nepomniachtchi, Ian"]
[Black "Moussard, Jules"]
[Result "0-1"]
[WhiteElo "2770"]
[BlackElo "2590"]
[PlyCount "118"]
[EventDate "2024.07.18"]
[EventType "k.o. (rapid)"]
[EventRounds "2"]
[EventCountry "USA"]
[SourceTitle "CB30_2024"]
[SourceDate "2024.07.24"]
[SourceVersion "1"]
[SourceVersionDate "2024.07.24"]
[SourceQuality "1"]

1. e4 c5 2. Nf3 d6 3. c3 Nf6 4. Be2 Bd7 5. e5 dxe5 6. Nxe5 Nc6 7. Nxd7 Qxd7 8. 0-0 g6 9. a3 Bg7 10. b4 Qd6 11. bxc5 Qxc5 12. d4 Qd6 13. Qb3 b6 14. Nd2 0-0 15. Nc4 Qd7 16. a4 Rac8 17. Rd1 Nd5 18. Ne5 Na5 19. Qb2 Qc7 20. Ba6 Nxc3 21. Re1 Rcd8 22. Bd2 Nd5 23. Rac1 Qd6 24. Qb5 Nc7 25. Qe2 Nb3 26. Nc6 Nxa6 27. Nxd8 Rxd8 28. Qxa6 Nxc1 29. Bxc1 Qc7 30. Bg5 Bxd4 31. h4 Bc5 32. Qe2 Qc6 33. a5 bxa5 34. Rc1 Qd5 35. Bh6 a4 36. Qc2 Bb6 37. Qxa4 Qd4 38. Qxd4 Rxd4 39. g3 f6 40. Be3 Rd7 41. Bxb6 axb6 42. Rc8+ Kf7 43. Rb8 Rd1+ 44. Kg2 Rb1 45. Rb7 h5 46. f4 b5 47. Kf3 b4 48. Kg2 b3 49. Kf3 Ke6 50. Kg2 Kd6 51. Kh2 Kc6 52. Rxe7 b2 53. Re2 f5 54. Kg2 Kc5 55. Rc2+ Kd4 56. Rf2 Kc3 57. Rf3+ Kb4 58. Rf2 Ka3 59. Re2 Rc1 0-1

[Event "CrunchLab Masters PlayIn"]
[Site "Chess.com INT"]
[Date "2024.07.17"]
[Round "1"]
[White "Bachmann, Axel"]
[Black "Moussard, Jules"]
[Result "1/2-1/2"]
[WhiteElo "2560"]
[BlackElo "2590"]
[PlyCount "94"]
[EventDate "2024.07.17"]
[EventType "swiss (rapid)"]
[EventRounds "9"]
[EventCountry "USA"]
[SourceTitle "CB30_2024"]
[SourceDate "2024.07.24"]
[SourceVersion "1"]
[SourceVersionDate "2024.07.24"]
[SourceQuality "1"]

1. Nf3 Nf6 2. c4 e6 3. b3 d5 4. Bb2 Be7 5. e3 0-0 6. Nc3 b6 7. cxd5 Nxd5 8. Nxd5 Qxd5 9. Qc2 Ba6 10. Qxc7 Bxf1 11. Qxe7 Nc6 12. Qg5 Qxg5 13. Nxg5 Ba6 14. Bc3 Rfd8 15. f4 Ne7 16. Kf2 Nd5 17. Nf3 Rac8 18. Rac1 f6 19. Rhe1 Rc7 20. Nd4 Kf7 21. Bb2 Rdc8 22. Rxc7+ Rxc7 23. a3 f5 24. Rc1 Rxc1 25. Bxc1 Nf6 26. Nf3 Ne4+ 27. Ke1 Nc5 28. b4 Nd3+ 29. Kd1 Bb7 30. Ng5+ Ke7 31. Nxh7 Bxg2 32. Ng5 Bd5 33. Kc2 Ne1+ 34. Kc3 Nf3 35. Nxf3 Bxf3 36. Kd4 Kd6 37. d3 Bc6 38. e4 fxe4 39. dxe4 e5+ 40. fxe5+ Ke6 41. Bg5 a5 42. Bd8 axb4 43. axb4 b5 44. Kc5 Be8 45. Kd4 Bc6 46. Kc5 Be8 47. Kd4 Bc6 1/2-1/2

[Event "CrunchLab Masters PlayIn"]
[Site "Chess.com INT"]
[Date "2024.07.17"]
[Round "9"]
[White "Moussard, Jules"]
[Black "Beerdsen, Thomas"]
[Result "1-0"]
[WhiteElo "2590"]
[BlackElo "2510"]
[PlyCount "59"]
[EventDate "2024.07.17"]
[EventType "swiss (rapid)"]
[EventRounds "9"]
[EventCountry "USA"]
[SourceTitle "CB30_2024"]
[SourceDate "2024.07.24"]
[SourceVersion "1"]
[SourceVersionDate "2024.07.24"]
[SourceQuality "1"]

1. e4 e5 2. Nf3 Nc6 3. Bb5 f5 4. Nc3 fxe4 5. Nxe4 Nf6 6. Nxf6+ Qxf6 7. 0-0 Be7 8. Qe2 0-0 9. Bxc6 bxc6 10. Nxe5 c5 11. d3 Bb7 12. Nxd7 Qc6 13. Qe4 Qxe4 14. dxe4 Rfd8 15. Ne5 Bxe4 16. Re1 Bf6 17. Bg5 Bxg5 18. Rxe4 Bf6 19. Nc4 Rab8 20. c3 Rd7 21. Rae1 Kf7 22. g3 h6 23. h4 Rd5 24. Kg2 Rd7 25. Re6 Rb5 26. Rc6 h5 27. a4 Rb3 28. Rxc5 g6 29. Rc6 Rb8 30. Ree6 1-0

[Event "CrunchLab Masters PlayIn"]
[Site "Chess.com INT"]
[Date "2024.07.17"]
[Round "4"]
[White "Puranik, Abhimanyu Sameer"]
[Black "Moussard, Jules"]
[Result "1/2-1/2"]
[WhiteElo "2634"]
[BlackElo "2590"]
[PlyCount "109"]
[EventDate "2024.07.17"]
[EventType "swiss (rapid)"]
[EventRounds "9"]
[EventCountry "USA"]
[SourceTitle "CB30_2024"]
[SourceDate "2024.07.24"]
[SourceVersion "1"]
[SourceVersionDate "2024.07.24"]
[SourceQuality "1"]

1. Nf3 Nf6 2. g3 b5 3. Na3 c6 4. c4 bxc4 5. Nxc4 g6 6. d4 Bg7 7. Bg2 0-0 8. 0-0 Nd5 9. Qc2 d6 10. e4 Nb6 11. Na5 Bd7 12. Be3 Na6 13. a3 c5 14. Qe2 cxd4 15. Bxd4 Nc7 16. Rfd1 Bg4 17. Bxg7 Kxg7 18. Rac1 Qd7 19. b4 Rac8 20. Nc6 Ne6 21. b5 a6 22. Qb2+ f6 23. Nfe5 fxe5 24. Nxe5 Qxb5 25. Qxb5 axb5 26. Nxg4 Nc4 27. e5 h5 28. Bd5 Ng5 29. Bxc4 bxc4 30. Ne3 Nf3+ 31. Kg2 Nxe5 32. Rc2 Rc5 33. Rd4 g5 34. f4 gxf4 35. gxf4 Nd3 36. Kg3 e5 37. fxe5 Nxe5 38. Rc3 Nd3 39. Rcxc4 Rxc4 40. Nxc4 Ne5 41. Nd2 Ra8 42. a4 Kf7 43. Ne4 Nc6 44. Rxd6 Ne7 45. Ng5+ Ke8 46. Rb6 Rxa4 47. Rb8+ Kd7 48. Rb7+ Ke8 49. Rb8+ Kd7 50. Rb7+ Kd6 51. Kf3 Ra3+ 52. Ke4 Ra4+ 53. Kf3 Ra3+ 54. Ke4 Ra4+ 55. Kf3 1/2-1/2

[Event "CrunchLab Masters PlayIn"]
[Site "Chess.com INT"]
[Date "2024.07.17"]
[Round "3"]
[White "Vokhidov, Shamsiddin"]
[Black "Moussard, Jules"]
[Result "1/2-1/2"]
[WhiteElo "2643"]
[BlackElo "2590"]
[PlyCount "134"]
[EventDate "2024.07.17"]
[EventType "swiss (rapid)"]
[EventRounds "9"]
[EventCountry "USA"]
[SourceTitle "CB30_2024"]
[SourceDate "2024.07.24"]
[SourceVersion "1"]
[SourceVersionDate "2024.07.24"]
[SourceQuality "1"]

1. e4 c5 2. Nf3 d6 3. d4 cxd4 4. Nxd4 Nf6 5. Nc3 a6 6. h3 e6 7. g4 h6 8. h4 d5 9. exd5 Nxd5 10. Bd2 Bb4 11. Bg2 Nxc3 12. bxc3 Bd6 13. Qe2 Qc7 14. Rb1 Nd7 15. Rh3 Nc5 16. Nf5 Be5 17. Re3 Bf6 18. Rf3 Kf8 19. Nxh6 Bd7 20. g5 Bc6 21. gxf6 gxh6 22. Rg3 Bxg2 23. Rxg2 Rd8 24. Kf1 Ke8 25. Rg7 Rd5 26. Be3 Ne4 27. Bb6 Qf4 28. Rg4 Nd2+ 29. Kg2 Qxf6 30. Rd1 h5 31. Rg3 e5 32. c4 Rd7 33. Rxd2 Rxd2 34. Qxd2 Qxb6 35. Qd5 Qc6 36. Rb3 Rh6 37. Rxb7 Rd6 38. Qxc6+ Rxc6 39. Ra7 Rxc4 40. Rxa6 Rxh4 41. a4 Rc4 42. Rh6 Rxa4 43. Rxh5 f6 44. Rh3 Rc4 45. c3 Ke7 46. Rd3 Ke6 47. f3 Kf5 48. Kg3 Kg5 49. Re3 Kg6 50. Kf2 Kf5 51. Kg3 Ke6 52. Kf2 f5 53. Ke2 Kf6 54. Kd3 Rc8 55. Re1 Ke6 56. c4 Kd6 57. Ra1 e4+ 58. fxe4 fxe4+ 59. Kd4 e3 60. Ra6+ Kd7 61. Ra3 e2 62. Ra1 Kc6 63. Re1 Rd8+ 64. Kc3 Re8 65. Kd3 Kc5 66. Rxe2 Rxe2 67. Kxe2 Kxc4 1/2-1/2

[Event "Krakow op"]
[Site "Krakow"]
[Date "2024.06.27"]
[Round "7"]
[White "Drozdowski, Kacper"]
[Black "Moussard, Jules"]
[Result "1-0"]
[WhiteElo "2448"]
[BlackElo "2610"]
[PlyCount "93"]
[EventDate "2024.06.22"]
[EventType "swiss"]
[EventRounds "9"]
[EventCountry "POL"]
[SourceTitle "CB27_2024"]
[SourceDate "2024.07.03"]
[SourceVersion "1"]
[SourceVersionDate "2024.07.03"]
[SourceQuality "1"]

1. e4 c5 2. Nf3 e6 3. d4 cxd4 4. Nxd4 Nc6 5. Nc3 Qc7 6. Be3 a6 7. Be2 b5 8. Nxc6 Qxc6 9. a3 Bb7 10. Qd4 Qd6 11. f4 Qxd4 12. Bxd4 Rc8 13. Bf3 f6 14. 0-0-0 Bc5 15. Bxc5 Rxc5 16. Rd6 Ne7 17. Rhd1 Rc7 18. e5 Nc8 19. R6d4 Bxf3 20. gxf3 f5 21. a4 Rb7 22. Na2 bxa4 23. Rxa4 Ra7 24. Ra5 Ke7 25. Nb4 Nb6 26. b3 Rb8 27. c3 Na8 28. Kb2 Nc7 29. Rda1 Rxb4 30. cxb4 Rb7 31. Rc5 Kd8 32. Rc4 Ke7 33. h4 g6 34. Rac1 Nd5 35. Ka3 Rb6 36. Rc8 Nxb4 37. Rh8 Nc6 38. Rxh7+ Kd8 39. Rh8+ Kc7 40. Rg8 a5 41. Rxg6 Rb8 42. h5 Rh8 43. h6 Kd8 44. Rh1 Ne7 45. Rg7 Ke8 46. h7 Kf8 47. Rhg1 1-0

[Event "Krakow op"]
[Site "Krakow"]
[Date "2024.06.25"]
[Round "5"]
[White "Moussard, Jules"]
[Black "Hollan, Martin"]
[Result "1-0"]
[WhiteElo "2610"]
[BlackElo "2373"]
[PlyCount "129"]
[EventDate "2024.06.22"]
[EventType "swiss"]
[EventRounds "9"]
[EventCountry "POL"]
[SourceTitle "CB27_2024"]
[SourceDate "2024.07.03"]
[SourceVersion "1"]
[SourceVersionDate "2024.07.03"]
[SourceQuality "1"]

1. e4 c5 2. Nf3 Nc6 3. Bb5 e5 4. 0-0 Bd6 5. c3 a6 6. Ba4 b5 7. Bb3 c4 8. Bc2 Nge7 9. d3 cxd3 10. Qxd3 Bc7 11. Rd1 0-0 12. a4 b4 13. Nbd2 a5 14. Nf1 d6 15. Ne3 Ba6 16. Qd2 Kh8 17. Bd3 Qc8 18. Bb5 Bb7 19. Bc4 f5 20. exf5 Nxf5 21. Ng5 Nxe3 22. Qxe3 Nd8 23. Bd5 Bxd5 24. Rxd5 Ne6 25. Qd3 Nxg5 26. Bxg5 bxc3 27. bxc3 Qe6 28. Be3 Rab8 29. c4 h6 30. Rb5 Rbc8 31. Rc1 Bd8 32. Rd5 Rc6 33. c5 Be7 34. cxd6 Rxd6 35. Rxd6 Qxd6 36. Qb5 Qb4 37. Qxe5 Bf6 38. Qc5 Rd8 39. Qc6 Bd4 40. Bxh6 Bxf2+ 41. Kxf2 Qh4+ 42. Ke2 gxh6 43. Qc3+ Qd4 44. Qe3 Qf6 45. Rc4 Qb2+ 46. Kf3 Qb7+ 47. Re4 Qc6 48. Kg3 Qg6+ 49. Rg4 Qf6 50. h4 Rg8 51. Rxg8+ Kxg8 52. Qb3+ Kg7 53. Qb7+ Kg6 54. Qe4+ Kg7 55. Kg4 Qf1 56. Qe7+ Kg8 57. Qe6+ Kg7 58. Qe7+ Kg8 59. Qe6+ Kg7 60. Kh5 Qxg2 61. Qxh6+ Kf7 62. Qf4+ Ke8 63. Qe5+ Kf7 64. Qf5+ Ke8 65. Qg6+ 1-0